Normal view
MARC view
- Supervisor: Dr. Muhammad Zubair Mumtaz
Entry Personal Name
001 - CONTROL NUMBER
- control field: 125319
003 - CONTROL NUMBER IDENTIFIER
- control field: NUST
005 - DATE AND TIME OF LATEST TRANSACTION
- control field: 20240823125345.0
008 - FIXED-LENGTH DATA ELEMENTS
- fixed length control field: 240823|| aca||aabn | a|a d
040 ## - CATALOGING SOURCE
- Original cataloging agency: NUST
- Transcribing agency: NUST
100 ## - HEADING--PERSONAL NAME
- Personal name: Supervisor: Dr. Muhammad Zubair Mumtaz
670 ## - SOURCE DATA FOUND
- Source citation: Work cat.: (NUST): Iqbal, Mehroz 125318, ANALYZING THE PERFORMANCE OF NON-LIFE INSURANCE COMPANIES USING TWO-STAGE DATA ENVELOPMENT ANALYSIS/
